|
|
|
|
| LEADER |
00000naa2a2200000 4500 |
| 001 |
586855 |
| 005 |
20241209133643.0 |
| 035 |
|
|
|a (RuTPU)RU\TPU\prd\289447
|
| 035 |
|
|
|a RU\TPU\tpu\1513
|
| 090 |
|
|
|a 586855
|
| 100 |
|
|
|a 20220112d1963 k y0rusy50 ca
|
| 101 |
0 |
|
|a rus
|
| 102 |
|
|
|a RU
|
| 200 |
1 |
|
|a Взаимодействие кристаллических бромидов бария и свинца с хлористым водородом
|f Е. Т. Лабыкина
|
| 320 |
|
|
|a Библиогр.: 5 назв.
|
| 461 |
|
0 |
|0 (RuTPU)RU\TPU\prd\518
|x 0373-0247
|t Журнал Всесоюзного химического общества им. Д. И. Менделеева
|d 1960-1991
|
| 463 |
|
0 |
|0 (RuTPU)RU\TPU\prd\124110
|t Т. 8, № 6
|v С. 697-698
|d 1963
|
| 610 |
1 |
|
|a химические науки
|
| 610 |
1 |
|
|a труды учёных ТПУ
|
| 700 |
|
1 |
|a Лабыкина
|b Е. Т.
|c российский химик-неорганик
|c преподаватель Томского политехнического университета
|f 1921-2010
|g Елизавета Тимофеевна
|3 (RuTPU)RU\TPU\pers\24386
|9 10787
|
| 801 |
|
0 |
|a RU
|b 63413507
|c 20011210
|g PSBO
|
| 801 |
|
2 |
|a RU
|b 63413507
|c 20220112
|g PSBO
|
| 942 |
|
|
|c CR
|